000 00962nam a2200265Ia 4500
003 OSt
005 20220923225131.0
006 a|||||r|||| 00| 0
007 ta
008 220922b |||||||| |||| 00| 0 hin d
024 _a258,092
037 _cTextual
040 _aARTS
_cARTS
_bhin
041 _2hin
_ahin
082 _aX.2'N7, 152L9;M0
100 _aमिश्र, एस0 के0
245 0 _aभारतीय अर्थव्यवस्था
_b निष्पति और समस्याएं
246 _aBhāratīya arthavyavasthā: niṣhpati aur samasyāean
260 _aदिल्ली
_b प्रगति पब्लिकेशन
_c1980
300 _a638पृ.
_ccm.
650 _a भारतीय अर्थव्यवस्था
650 _aअर्थशास्त्र
942 _hX.2'N7, 152L9;M0
_cTEXL
_2CC
999 _c376301
_d376301